| 000 | 00456nam a2200169Ia 4500 | ||
|---|---|---|---|
| 005 | 20250423101513.0 | ||
| 008 | 250422s9999 xx 000 0 und d | ||
| 020 | _a9780399562396 | ||
| 050 | _aJZ 1329.5 .H33/ | ||
| 100 | _aHaass, Richard | ||
| 245 | 4 | _aThe world: a brief introduction | |
| 260 | _aNew York | ||
| 260 | _bPenguin Press | ||
| 260 | _c2020 | ||
| 650 | _aInternational relations--History. World politics. History, Modern. | ||
| 942 | _cBK | ||
| 999 |
_c36478 _d36478 |
||